| 000 | 00831nam a2200217 a 4500 | ||
|---|---|---|---|
| 001 | 43038 | ||
| 003 | BD-RjUL | ||
| 005 | 20211209053632.0 | ||
| 008 | 160619s1945 enka o000 0 eng d | ||
| 035 | _a(BD-RjUL)43156 | ||
| 040 |
_aYNG _dEUX _dBD-RjUL _beng _cBD-RjUL |
||
| 041 | _aeng | ||
| 082 |
_223 _a338.94 _bECO 1945 |
||
| 110 | 2 |
_aPolitical and Economic Planning (Think tank). _9132157 |
|
| 245 | 1 | 0 |
_aEconomic development in S.E. Europe : _bincluding Poland, Czechoslovakia, Austria, Hungary, Rumania, Yugoslavia, Bulgaria and Greece / _cwith an introduction by David Mitrany. |
| 260 |
_aLondon : _bPEP, distributed by Oxford University Press, _c1945, |
||
| 300 |
_a165 p. ; _c22 cm. |
||
| 651 | 0 |
_aEurope, Central _xEconomic conditions. _9132158 |
|
| 651 | 0 |
_aBalkan Peninsula _xEconomic conditions. _9132159 |
|
| 942 |
_2ddc _cBK |
||
| 999 |
_c43038 _d43038 |
||